| 000 | 01333nam a2200337 i 4500 | ||
|---|---|---|---|
| 999 |
_c64944 _d64944 |
||
| 001 | 768714001 | ||
| 003 | CO-MdFUSB | ||
| 005 | 20190415120658.0 | ||
| 008 | 190412t1986 sp |||| |||| 00| 0 spa d | ||
| 020 | _a8433006754 | ||
| 040 |
_aCO-MdFUSB _bspa _cCO-MdFUSB _dCO-MdFUSBC _erda |
||
| 041 | _aspa | ||
| 082 |
_222 _a224.061 _bC915 |
||
| 100 | 1 |
_aCrenshaw, James L. _eautor. |
|
| 240 | _aProphetic conflict | ||
| 245 | 1 | 4 |
_aLos falsos profetas : _bConflicto en la religión de Israel _c/ James L, Crenshaw |
| 264 | 1 |
_aBilbao, España : _bDesclée de Brouwer, _c[1986] |
|
| 264 | 4 | _c©1986 | |
| 300 |
_a183 páginas _c; 21 cm |
||
| 336 |
_2rdacontent _atexto _btxt |
||
| 337 |
_2rdamedia _asin mediación _bn |
||
| 338 |
_2rdacarrier _avolumen _bnc |
||
| 504 | _a(Incluye bibliografía (páginas 175-179) | ||
| 505 |
_gCAPITULO 1: _tEl drama abierto de la investigación. _gCAPITULO 2: _tLa crisis de fe. _gCAPITULO 3: _tLa incapacidad profética para afrontar el desafío. _gCAPITULO 4: _tLa profecía falsa es inevitable. _gCAPITULO 5: _tIsrael busca solución. |
||
| 534 |
_pProphetic conflict. _cTítulo original: |
||
| 563 | _aRústico. | ||
| 630 | 7 |
_aBiblia. _pProfetas _xCrítica, interpretación, etc. |
|
| 650 | 7 |
_9320 _aTeología bíblica |
|
| 700 |
_91615 _aAbrego, Maria José. _etraductor. |
||
| 942 | _cBK | ||